Сибирь: откуда она пошла и куда идет. Факты, размышления, прогнозы

التفاصيل البيبلوغرافية
المؤلف الرئيسي: Шинкарев Л. И. Леонид Иосифович
اللغة:الروسية
منشور في: Москва, Советская Россия, 1978
الطبعة:2-е изд., доп.
الموضوعات:
التنسيق: MixedMaterials كتاب
KOHA link:https://koha.lib.tpu.ru/cgi-bin/koha/opac-detail.pl?biblionumber=370734

MARC

LEADER 00000nam0a2200000 4500
001 370734
005 20231102012317.0
035 |a (RuTPU)RU\TPU\retro\28143 
035 |a RU\TPU\book\16336 
090 |a 370734 
100 |a 20220728d1978 m y0rusy50 ca 
101 0 |a rus 
102 |a RU 
105 |a y z 000zy 
200 1 |a Сибирь: откуда она пошла и куда идет. Факты, размышления, прогнозы  |f Л. И. Шинкарев 
205 |a 2-е изд., доп. 
210 |a Москва  |c Советская Россия  |d 1978 
215 |a 462 с.  |c ил. 
606 1 |a Сибирь  |x История  |2 stltpush  |3 (RuTPU)RU\TPU\subj\67153  |9 83036 
606 1 |a Сибирь  |x Экономика  |2 stltpush  |3 (RuTPU)RU\TPU\subj\36913  |9 58115 
610 1 |a древность 
610 1 |a сибиряки 
610 1 |a ссыльные 
610 1 |a наука 
610 1 |a промышленность 
610 1 |a Великая Отечественная война 1941-1945 
610 1 |a Байкал 
610 1 |a природные ресурсы 
686 |a Т3(253)  |v LBC/SL-A  |2 rubbk 
686 |a У9(2Р5)  |v LBC/SL-A  |2 rubbk 
700 1 |a Шинкарев  |b Л. И.  |g Леонид Иосифович 
801 0 |a RU  |b 63413507  |c 20011209  |g PSBO 
801 2 |a RU  |b 63413507  |c 20220728  |g PSBO 
942 |c BK